Province che confinano con meno Province - Statistics

Statistiche generali
  • Questo quiz è stato fatto 26 volte
  • Il punteggio medio è 10 su 12
Statistiche sulle risposte
Regione Province confinanti Provincia % Corretto
Friuli-Venezia Giulia 1 Ente di decentramento regionale di Trieste
100%
Calabria 2 Provincia di Crotone
100%
Liguria 2 Provincia di Imperia
100%
Marche 2 Provincia di Fermo
95%
Pugllia 2 Provincia di Lecce
95%
Toscana 2 Provincia di Livorno
95%
Sardegna 1 Città metropolitana di Cagliari
90%
Friuli-Venezia Giulia 2 Ente di decentramento regionale di Gorizia
90%
Calabria 2 Provincia di Vibo Valentia
90%
Sardegna 2 Provincia di Sassari
86%
Sicilia 2 Provincia di Trapani
81%
Calabria 2 Città metropolitana di Reggio Calabria
10%
Nessun quiz corrispondente trovato
Distribuzione punteggi
Percentuale di utenti per punteggio
Percentile per numero di risposta
I tuoi punteggi nel tempo
Non hai fatto questo quiz